| 000 | 00517nam a2200181 a 4500 | ||
|---|---|---|---|
| 001 | 3591 | ||
| 005 | 20140414132035.0 | ||
| 008 | 040603s19uu xx 00 eng d | ||
| 020 | _a0-02-179040-X | ||
| 050 |
_aTR _bR13 1990 |
||
| 100 | _aSerfozo, Mary | ||
| 245 |
_aRain talk / _cby Mary Serfozo; illustrated by Keiko Narahashi. |
||
| 260 |
_aNew York : _bMacmillan / McGraw-Hill School, _c1990. |
||
| 300 | _a29 p. : ill. ; cm. | ||
| 650 |
_aRaindrops _xFiction. |
||
| 650 | _aChildren stories. | ||
| 999 |
_c113690 _d113690 |
||